000
00330 a2200157 4500
001
60127
020
_a
8573114339
040
_c
Anchieta - Pituba
100
_a
Oliveira, Maria Alexandre de
240
1
0
_a
Leitura prazer
_l
por
245
1
0
_a
Leitura prazer
300
_a
292
362
0
_a
1996
650
4
_a
Leitura
942
_c
BK
999
_c
60127
_d
60127